00567nam a2200157 a 450000100100000000500170001000800410002702000140006804000250008210000240010724501160013126000400024730000360028753400610032370000250038400003433420200930073638.0110929s2001 es ac 000 0 spa d a846620408 aDO-SdBNPbspacBNPHU1 aRive Box, Rob de La13aLa enciclopedia de los coches de época :b1886-1940 /cRob de la Rive Box ; traducción, José Luis Tamayo. aAlcobendas, Madrid :bLibsa,c2001. a336 p. :bil., retrs. ;c24 cm. aTítulo originalkVintage and veteran car encyclopaedia1 aTamayo, José Luis,